Azerbaijani Name Translation - Statistics

General Stats
  • This quiz has been taken 67 times
    66 since last reset
  • The average score is 10 of 18
Answer Stats
Azerbaijani English % Correct
Adəm Adam
95%
Davud David
95%
Mikayıl Michael
93%
Yusif Joseph
82%
Yaqub Jacob
80%
Məryəm Mary
79%
İbrahim Abraham
77%
İskəndər Alexander
77%
Roza Rose
75%
İsa Jesus
59%
Cəbrayıl Gabriel
54%
Süleyman Solomon
41%
Musa Moses
38%
İlyas Elijah
26%
Yunis Jonas
21%
Yaqut Ruby
8%
Habil Abel
7%
Qabil Cain
3%
No matching quizzes found
Score Distribution
Percent of People with Each Score
Percentile by Number Answered
Your Score History
You have not taken this quiz since the last reset